Culture générale en 60 secondes #12 - Sport - Statistiques

Statistiques générales
  • Ce quiz a été pris 77 fois
    24 depuis la dernière actualisation
  • Le résultat moyen est 8 sur 16
Statistiques - réponses
Indice Réponse % Correct
Quel prénom est porté par les footballeurs Griezmann et Kombouaré ? Antoine
95%
Dans quel sport en général évolue Simone Biles ? Gymnastique
95%
Quel club de foot a remporté le plus de Ligues des champions ? Real Madrid
89%
Quel célèbre judoka français est né à Pointe-à-Pitre en Guadeloupe ? Teddy Riner
89%
Nommez les trois mots clés de vocabulaire au bowling commençant par un S Strike
84%
Nommez les trois mots clés de vocabulaire au bowling commençant par un S Spare
68%
Quelle est la nationalité de Novak Djokovic ? Serbe
63%
Comment s’appelle la célèbre course italienne de trois semaines en cyclisme ? Giro d'Italia
42%
Comment s’appelle la course de 3 000 m avec des haies et une rivière ? Steeple
42%
Quel est le prénom de la vainqueure du Tour de France féminin 2025 ? Pauline
37%
Dans quel sport utilise-t-on un "puck" ? Hockey sur glace
32%
Quel est le terme anglais pour "Jeu décisif" ? Tie-break
32%
Au rugby ou au tennis, comment appelle t-on le trophée remporté lorsqu’une équipe gagne tous ses matchs ? Grand Chelem
16%
Nommez les trois mots clés de vocabulaire au bowling commençant par un S Split
11%
Au basket, comment appelle-t-on un dribble accompagné d'un changement de main ? Crossover
0%
Quel champion de tennis de table américain est surnommé "l'Aiguille" ? Marty Reisman
0%
Aucun quiz correspondant
Distribution des résultats
% des personnes avec chaque résultat
Percentile par nombre de réponses
Votre historique - résultats
Vous n’avez pas pris ce quiz depuis la dernière actualisation